000 00735nam a2200241 a 4500
001 67968
003 BD-RjUL
005 20211209081722.0
008 170329s1967 nyu b 001 0 eng d
035 _a(BD-RjUL)68177
040 _aDLC
_cDLC
_dDLC
_beng
041 _aeng
082 0 0 _223
_a616.8583
_bSEX 1967
245 1 0 _aSexual problems :
_bdiagnosis and treatment in medical practice /
_cedited by Charles William Wahl.
260 _aNew York :
_bFree Press,
_cc1967.
300 _axix, 300 p. ;
_c22 cm.
504 _aIncludes bibliographies and indexes.
650 0 _aSexual disorders.
_9201458
650 0 _aSex therapy.
_9201459
700 _aWahl, Charles William [ed.]
_9201460
942 _2ddc
_cBK
999 _c67968
_d67968